Statistiques concernant Meilleurs buteurs de l'OGC Nice par saison depuis 2012

Cliquez ici pour prendre le quiz!

Statistiques générales

  • Ce quiz a été pris 113 fois
    (21 depuis la dernière actualisation)
  • Le résultat moyen est 24 sur 55

Statistiques - réponses

SaisonNombre de butsJoueur% Correct
2017/201818Mario Balotelli
100%
2016/201715Mario Balotelli
100%
2022/202313Gaëtan Laborde
90%
2015/201617Hatem Ben Arfa
75%
6Terem Moffi
75%
6Andy Delort
70%
2021/202216Andy Delort
70%
6Kasper Dolberg
70%
2019/202011Kasper Dolberg
70%
6Kasper Dolberg
70%
10Amine Gouiri
65%
2020/202112Amine Gouiri
65%
3Dario Cvitanich
65%
2012/201319Dario Cvitanich
65%
2013/20148Dario Cvitanich
65%
4Khephren Thuram
60%
7Jean-Michaël Seri
55%
2018/20196Youcef Atal
55%
4Wylan Cyprien
50%
7Wylan Cyprien
50%
8Wylan Cyprien
50%
3Allan Saint-Maximin
45%
6Allan Saint-Maximin
45%
14Valère Germain
45%
11Alassane Pléa
40%
16Alassane Pléa
40%
6Alassane Pléa
40%
5Alexy Bosetti
40%
5Alexy Bosetti
40%
5Pierre Lees-Melou
35%
4Pierre Lees-Melou
35%
5Pierre Lees-Melou
35%
4Ross Barkley
35%
3Valentin Eysseric
35%
5Valentin Eysseric
35%
4Eric Bauthéac
30%
8Eric Bauthéac
30%
9Eric Bauthéac
30%
2Neal Maupay
30%
3Neal Maupay
30%
3Ignatius Ganago
25%
2Ignatius Ganago
25%
4Justin Kluivert
25%
6Nicolas Pépé
25%
3Vincent Koziello
25%
4Alexis Claude-Maurice
20%
2014/201510Carlos Eduardo
20%
5Anastasios Donis
15%
3Christophe Hérelle
15%
3Myziane Maolida
15%
2Rémi Walter
15%
3Bassem Srarfi
10%
2Mahamane Traoré
10%
5Renato Civelli
10%
4Jordan Amavi
5%

Distribution des résultats

Percentile par nombre de réponses

% des personnes avec chaque résultat

Votre développement - résultats

Vous n’avez pas pris ce quiz depuis la dernière actualisation